| 000 | 00383nam a22001697a 4500 | ||
|---|---|---|---|
| 003 | MACL | ||
| 005 | 20151226154619.0 | ||
| 008 | 151226b xxu||||| |||| 00| 0 eng d | ||
| 040 | _cMACL | ||
| 041 | _aEnglish | ||
| 082 | _a750 | ||
| 100 |
_aGoswamy,B.N. _922949 |
||
| 245 | _aPahari Masters | ||
| 260 |
_aNew Delhi _bNiyogi books _c1992 |
||
| 650 |
_aArt _922950 |
||
| 942 |
_2ddc _cBK |
||
| 999 |
_c51993 _d51993 |
||